[Event "POL-ch U10"]
[Site "Jastrzebia Gora"]
[Date "2021.??.??"]
[Round "4"]
[White "Ochedzan, Filip"]
[Black "Ziobrowski, Wojciech"]
[Result "1-0"]
[WhiteElo "1697"]
[BlackElo "1189"]
[PlyCount "79"]
[EventDate "2021.02.28"]
[EventType "swiss"]
[EventRounds "9"]
[EventCountry "POL"]
[SourceTitle "EXT 2022"]
[Source "ChessBase"]
[SourceDate "2021.10.06"]
[SourceVersion "1"]
[SourceVersionDate "2021.10.06"]
[SourceQuality "1"]

1. e4 e5 2. Nf3 Nc6 3. Bb5 Nf6 4. 0-0 a6 5. Ba4 b5 6. Bb3 Be7 7. Re1 d6 8. h3 Be6 9. c3 Bxb3 10. Qxb3 0-0 11. d4 exd4 12. cxd4 d5 13. e5 Ne4 14. Nc3 Bb4 15. Qc2 Na5 16. a3 Bxc3 17. bxc3 Nc4 18. Nd2 Ncxd2 19. Bxd2 f5 20. f3 Ng5 21. Bxg5 Qxg5 22. a4 c6 23. axb5 axb5 24. Qb2 Qe7 25. Ra2 Ra7 26. Rxa7 Qxa7 27. Ra1 Qb7 28. Qa3 Rd8 29. Kf2 Kf7 30. Ke3 g5 31. Kd3 h5 32. Kc2 Ke6 33. Qa7 Rb8 34. Qxb7 Rxb7 35. Ra6 Kd7 36. Kb3 h4 37. Kb4 Rc7 38. Kc5 b4 39. cxb4 Rb7 40. Rxc6 1-0